Powiaty województwa koszalińskiego w 1968r. na mapie - Statystyki

Ogólne statystyki
  • Ten quiz został rozwiązany 42 razy
  • Średni wynik to 13 z 16
Odpowiedzi na mapie
Odpowiedzi zakodowano w zielono-czerwonej skali na mapie do tego quizu, zgodnie z poniższymi procentami.
 
Statystyki odpowiedzi
powiat % Poprawnych
koszaliński
100%
Miasto {Koszalin}
100%
Miasto {Słupsk}
94%
słupski
94%
sławieński
88%
szczecinecki
88%
kołobrzeski
85%
białogardzki
82%
bytowski
79%
świdwiński
79%
człuchowski
76%
drawski
68%
Miasto {Piła}
62%
wałecki
62%
złotowski
56%
miastecki
53%
Nie znaleziono quizów pasujących do podanych kryteriów
Rozkład punktacji
Procent ludzi z każdym wynikiem
Percentyl według liczby udzielonych odpowiedzi
Twoja historia wyników
Nie rozwiązałeś tego quizu